Shielded Metal Arc Welding of Dissimilar Metal Weld between Ferritic Steel & Austenitic Stainless Steel and its Characterization / (Record no. 534214)

000 -LEADER
fixed length control field 00564nam a22001577a 4500
020 ## - INTERNATIONAL STANDARD BOOK NUMBER
Qualifying information Hard Cover.
082 ## - DEWEY DECIMAL CLASSIFICATION NUMBER
Classification number 620.44
100 ## - MAIN ENTRY--PERSONAL NAME
Personal name Zeb, Jahan
245 ## - TITLE STATEMENT
Title Shielded Metal Arc Welding of Dissimilar Metal Weld between Ferritic Steel & Austenitic Stainless Steel and its Characterization /
Statement of responsibility, etc. Jahan Zeb.
260 ## - PUBLICATION, DISTRIBUTION, ETC.
Place of publication, distribution, etc. Islamabad :
Name of publisher, distributor, etc. SCME - NUST,
Date of publication, distribution, etc. 2017.
300 ## - PHYSICAL DESCRIPTION
Dimensions 30cm.
942 ## - ADDED ENTRY ELEMENTS (KOHA)
Source of classification or shelving scheme
Koha item type Thesis
650 ## - SUBJECT ADDED ENTRY--TOPICAL TERM
Topical term or geographic name entry element Materials and Surface Engineering Ms-Thesis.,
700 ## - ADDED ENTRY--PERSONAL NAME
Personal name Dr. Mohammad Mujahid.
650 ## - SUBJECT ADDED ENTRY--TOPICAL TERM
-- 16159
700 ## - ADDED ENTRY--PERSONAL NAME
-- 19410
Holdings
Withdrawn status Lost status Source of classification or shelving scheme Damaged status Not for loan Permanent Location Current Location Shelving location Date acquired Total Checkouts Full call number Barcode Date last seen Price effective from Koha item type
          Central Library (CL) Central Library (CL) Thesis 02/08/2020   620.44 CL-T-5004 02/08/2020 02/08/2020 Thesis
© 2023 Central Library, National University of Sciences and Technology. All Rights Reserved.